The Next evolution of marketing : connect with your customers by marketing with meaning.
| Main Author: | |
|---|---|
| Format: | Book |
| Published: |
New York:
McGraw Hill,
2010.
|
| Subjects: |
| LEADER | 00509cam a2200169 7i4500 | ||
|---|---|---|---|
| 001 | 0000025074 | ||
| 005 | 20101104090000.0 | ||
| 020 | 0 | 0 | |a 978-0-07-162536-4 |
| 090 | 0 | 0 | |a B 658.8 |b GIL |
| 100 | 1 | 0 | |a Gilbreath |
| 245 | 1 | 4 | |a The Next evolution of marketing : |b connect with your customers by marketing with meaning. |
| 260 | 0 | 0 | |a New York: |b McGraw Hill, |c 2010. |
| 300 | # | # | |a 288 p. |
| 650 | 0 | 0 | |a Marketing |
| 650 | 0 | 0 | |a Advertising |
| 650 | 0 | 0 | |a Customer relations |
| 999 | |a B000027810 |b Book |c Book |e Business Information Centre | ||


